千变万化的茶叶魔法术 (Record no. 322872)

000 -LEADER
fixed length control field 00404 a2200157 4500
020 ## - ISBN
ISBN 9786267253984
082 ## - 索书号 Call Number
分类号Classification number 439.4
作者号 Author number 7430
100 ## - 作者
作者 陈柏安 著
245 ## - 书名 TITLE
书名Title 千变万化的茶叶魔法术
250 ## - 版本 EDITION STATEMENT
版本叙述 Edition statement 初版;平装
260 ## - 出版项PUBLICATION, DISTRIBUTION, ETC. (IMPRINT)
出版社 Name of publisher 白象文化事业有限公司
出版日期 Date of publication 2023
出版地 Place of publication 台中市
300 ## - 稽核项 PHYSICAL DESCRIPTION
页数 Number of Pages 79页
尺寸 Dimensions 23公分
500 ## - 一般附注 GENERAL NOTE
附注 General note
700 ## - ADDED ENTRY--PERSONAL NAME
第二作者 / 译者 / 绘者 林书妍;谢瑾安 绘图
942 ## - ADDED ENTRY ELEMENTS (KOHA)
Koha item type Books
Holdings
Source of classification or shelving scheme Not for loan Permanent Location Current Location Shelving location Date acquired Source of acquisition Cost, normal purchase price Full call number Barcode Cost, replacement price Koha item type
    LIBRARY CHUNG HWA HIGH SCHOOL MUAR LIBRARY CHUNG HWA HIGH SCHOOL MUAR 4 应用科学(二楼 E~F) 2026-03-25 37.50 439.4 7430 050250 75.00 Books

Powered by Koha